Classement des îles aux Jeux de l'océan indien depuis 1979 - Statistiques

Statistiques générales
  • Ce quiz a été pris 12 fois
  • Le résultat moyen est 5 sur 7
Statistiques - réponses
Rang Or Argent Bronze Total Pays % Correct
1 664 624 535 1823 La Réunion
83%
4 225 234 280 739 Seychelles
83%
5 9 21 64 94 Comores
67%
3 474 410 451 1335 Madagascar
67%
2 496 551 607 1654 Maurice
67%
6 6 16 28 50 Maldives
50%
7 5 19 33 57 Mayotte
50%
Aucun quiz correspondant
Distribution des résultats
% des personnes avec chaque résultat
Percentile par nombre de réponses
Votre historique - résultats
Vous n’avez pas pris ce quiz